MARC

LEADER 00000nam0a2200000 4500
001 373159
005 20231102012535.0
035 |a (RuTPU)RU\TPU\retro\30586 
035 |a RU\TPU\book\305298 
090 |a 373159 
100 |a 20221215d1976 km y0rusy50 ca 
101 0 |a rus 
102 |a RU 
105 |a y e 000zy 
200 1 |a Словарь по минеральному сырью для промышленности строительных материалов  |f М. Б. Григорович, Н. Т. Блоха 
210 |a Москва  |c Недра  |d 1976 
215 |a 87 с. 
606 1 |a Строительная промышленность  |2 stltpush  |3 (RuTPU)RU\TPU\subj\57248  |9 75110 
610 1 |a словари 
610 1 |a минеральное сырье 
610 1 |a строительные материалы 
610 1 |a термины 
610 1 |a геологоразведочные работы 
675 |a 691.2(038)  |v 3 
700 1 |a Григорович  |b М. Б.  |g Михаил Борисович 
701 1 |a Блоха  |b Н. Т.  |g Николай Трофимович 
801 1 |a RU  |b 63413507  |c 20150123 
801 2 |a RU  |b 63413507  |c 20221215  |g RCR 
942 |c BK